| 000 | 01424cam a22004214a 4500 | ||
|---|---|---|---|
| 001 | 9250 | ||
| 003 | FISKH | ||
| 005 | 20251205095736.0 | ||
| 008 | 990719s2001 nyua b 000 0 eng | ||
| 010 | _a 99039846 | ||
| 020 | _a0060285680 | ||
| 020 | _a9780064452038 | ||
| 020 |
_a0060285699 _qlib. bdg. |
||
| 020 | _a9780060285685 | ||
| 020 |
_a9780060285692 _q(lib. bdg.) |
||
| 035 | _a11760721 | ||
| 035 | _a(DLC) 99039846 | ||
| 040 |
_aDLC _cDLC _dDLC _beng |
||
| 050 | 0 | 0 |
_aQL467.2 _b.R65 2001 |
| 082 | 0 | 0 |
_a595.7 _221 |
| 100 | 1 | _aRockwell, Anne F. | |
| 245 | 1 | 0 |
_aBugs are insects / _cby Anne Rockwell ; illustrated by Steve Jenkins. |
| 260 |
_aNew York : _bHarperCollins, _c2001. |
||
| 300 |
_a33 pages : _bcolor illustrations ; _c21 x 26 cm |
||
| 440 | 0 |
_aLet's-read-and-find-out. _nStage 1 |
|
| 505 | _aN | ||
| 520 | _aIntroduces common backyard insects and explains the basic characteristics of these creatures. | ||
| 521 | 8 |
_a590
_bLexile AD |
|
| 521 | 8 |
_aN
_bRaz-Plus |
|
| 650 | 0 |
_aInsects _vJuvenile literature. |
|
| 650 | 1 | _aInsects. | |
| 655 | 7 |
_aLiterature. _2lcgft _0https://id.loc.gov/authorities/genreForms/gf2014026415 |
|
| 700 | 1 |
_aJenkins, Steve, _d1952-2021, _eillustrator |
|
| 856 | 4 | 2 |
_3Publisher description _uhttp://www.loc.gov/catdir/description/hc043/99039846.html |
| 906 |
_a7 _bcbc _corignew _d1 _eocip _f19 _gy-gencatlg |
||
| 942 |
_2ddc _cBK _n0 |
||
| 999 |
_c9250 _d9250 |
||